| 000 | 00456nam a2200109Ia 4500 | ||
|---|---|---|---|
| 008 | 160909s9999 xx 000 0 und d | ||
| 100 | _aMurphy, Michael L. | ||
| 245 | _aHow the Use of Redemption Versus Contamination Sequences in the Telling of Life Stories Is Associated with Health Related Outcomes in Midlife Adults | ||
| 260 |
_bNorthwestern University _c2016 |
||
| 650 | _aPSYCHOLOGY | ||
| 856 | _uhttp://pqdtopen.proquest.com/doc/1795529323.html?FMT=ABS | ||
| 999 |
_c304157 _d304157 |
||